| 000 | 00771nam a22002657a 4500 | ||
|---|---|---|---|
| 999 |
_c2989 _d2989 |
||
| 003 | AR-CdUCM | ||
| 008 | 190305b ||||| |||| 00| 0 spa d | ||
| 020 | _a84-7367-103-1 | ||
| 040 |
_aMUNICIPALIDAD PROVINCIAL DEL CUSCO _cBIBLIOTECA MUNICIPAL DEL CUSCO |
||
| 082 |
_a330.1 / _bM26 |
||
| 100 |
_aMartínez Marzoa, Felipe _910197 |
||
| 245 | _aRevolución e Ideologia / | ||
| 260 |
_aBarcelona : _bFontamara, _c1979. |
||
| 300 |
_a91 paginas; _c17cm. |
||
| 440 |
_aColección Aportes _n17 _910198 |
||
| 500 | _aLa Revolución | ||
| 650 |
_aRevolución _9844 |
||
| 650 |
_aIdeologia _91078 |
||
| 650 |
_aSiglo XX _98 |
||
| 650 |
_aLiteratura _983 |
||
| 700 |
_aDat, Estudi _910199 |
||
| 700 |
_aStoute, José Eugenio _910200 |
||
| 942 |
_2ddc _cLIBROS |
||
| 945 | _apjha | ||